Normal view
MARC view
- Springer texts in statistics
Entry Uniform Title
001 - CONTROL NUMBER
- control field: 111
003 - CONTROL NUMBER IDENTIFIER
- control field: Nust
005 - DATE AND TIME OF LATEST TRANSACTION
- control field: 20170508121602.0
008 - FIXED-LENGTH DATA ELEMENTS
- fixed length control field: 170508|| aca||aabn | a|a d
040 ## - CATALOGING SOURCE
- Original cataloging agency: Nust
- Transcribing agency: Nust
130 ## - HEADING--UNIFORM TITLE
- Uniform title: Springer texts in statistics
670 ## - SOURCE DATA FOUND
- Source citation: Work cat.: (Nust)0: A modern introduction to probability and statistics :, c2005.
